| 000 | 00734nam a2200241 a 4500 | ||
|---|---|---|---|
| 001 | 000024142 | ||
| 005 | 20200930022743.0 | ||
| 008 | 110119s1993 ag r 000 j spa d | ||
| 020 | _a9500413108 | ||
| 040 |
_aDO-SdBNP _bspa _cBNPHU |
||
| 041 |
_aeng _hspa _2Código de idioma MARC |
||
| 082 |
_axxx _bG118p |
||
| 100 | 1 |
_aGabriel , Marius _949570 |
|
| 240 | 1 | 4 |
_aThe original sin _lespañol |
| 245 | 1 | 3 |
_aEl pecado original / _cMarius Gabriel; traducción de Edith Zilli. |
| 260 |
_aBuenos Aires : _bEMECÉ, _c1993. |
||
| 300 |
_a631 p ; _c22 cm. |
||
| 490 | _aGrandes Novelistas | ||
| 534 |
_aTítulo original : _tThe original sin |
||
| 700 | 1 |
_aZilli, Edith _etr. _93228 |
|
| 830 | 0 |
_aGrandes Novelistas _911566 |
|
| 049 | _aBNGR | ||
| 999 |
_c23636 _d23636 |
||